New Zealand Rugby All Blacks -1990s Top Tryscorer by Year - Statistics

General Stats
  • This quiz has been taken 140 times
  • The average score is 13 of 19
Answer Stats
Year Tries Player % Correct
1995 12 Jonah Lomu
98%
1996 9 Christian Cullen
96%
1997 12 Christian Cullen
96%
1998(joint) 4 Christian Cullen
96%
1998 (joint) 4 Jeff Wilson
93%
1999 11 Jeff Wilson
93%
1990 (joint) 3 John Kirwan
88%
1994(joint) 1 John Kirwan
88%
1992(joint) 5 Frank Bunce
79%
1993 4 Frank Bunce
79%
1994(joint) 1 Frank Bunce
76%
1994(joint) 1 Zinzan Brooke
71%
1994(joint) 1 Sean Fitzpatrick
64%
1991 5 Terry Wright
59%
1994(joint) 1 John Timu
53%
1998 (joint) 4 Taine Randell
38%
1990 (joint) 3 Kieran Crowley
28%
1994(joint) 1 Shane Howarth
26%
1992(joint) 5 Eroni Clarke
23%
No matching quizzes found
Score Distribution
Percent of People with Each Score
Percentile by Number Answered
Your Score History
You have not taken this quiz